00414nam a2200133 a 450000100100000000500170001000800410002704000250006808200140009324500600010726000500016730000200021750000430023700002934920200930055507.0110415s1955 dr 000 0 spa d aDO-SdBNPbspacBNPHU axxxb471a00aThe fight against illiteracy in the Dominican Republic. aCiudad Trujillo :bEditora del Caribe,c1955. a10 p. ;c24 cm. aYear of the benefactor of the republic